Nogti iskusstvo nejl-arta original'nyj dizajn pedikjur

Bibliographic Details
Main Author: Bückman, Monika (Author)
Other Authors: Nabatnikova, T. (Translator)
Format: Book
Language:Russian
German
PhysicalDescription:109 s. fareb. fotogr., ilustr. 21 cm
Published: Moskva Kristina - novyj vek c2001
ISBN:5937390024
Series:Sovety professionalov
Subjects:

MARC

LEADER 00000nam a2200000 a 4500
001 vtls008938513
003 SK-MaSNL
005 20260301080800.0
008 240313s2001 ru o f 000 0 rus
020 |a 5937390024  |q (viaz.) 
040 |a SNK  |b slo  |c SNK  |e AACR2 
041 1 |a rus  |h ger 
044 |a ru  |c RU 
072 7 |a 646  |x Odievanie. Starostlivosť o telo  |2 konspekt 
080 |a 612.799  |2 2001 
080 |a 646.77  |2 2001 
080 |a 687.54  |2 2001 
080 |a 646.7  |2 2001 
080 |a 687.55  |2 2001 
080 |a (035)  |2 2001 
100 1 |a Bückman, Monika  |4 aut  |9 402999 
245 1 0 |a Nogti  |b iskusstvo nejl-arta original'nyj dizajn pedikjur  |c Monika Bjukman ; [perevod s nemeckogo T. Nabatnikovoj] 
260 |a Moskva  |b Kristina - novyj vek  |c c2001  |e Martin  |f Neografija 
300 |a 109 s.  |b fareb. fotogr., ilustr.  |c 21 cm 
490 1 |a Sovety professionalov 
650 0 7 |a nechty  |2 SNKPH  |9 50809 
650 0 7 |a kozmetika  |2 SNKPH  |9 17020 
650 0 7 |a manikúra  |2 SNKPH  |9 68407 
650 0 7 |a pedikúra  |2 SNKPH  |9 59864 
650 0 7 |a Manicure  |2 SNKPHeng  |9 403000 
650 0 7 |a Pedicure  |2 SNKPHeng  |9 403001 
650 0 7 |a Nail care  |2 SNKPHeng  |9 403002 
650 0 7 |a Cosmetics  |2 SNKPHeng  |9 267470 
655 7 |a príručky  |2 SNKPH  |9 74364 
655 7 |a Handbooks, manuals, etc.  |2 SNKPHeng  |9 90964 
700 1 |a Nabatnikova, T.  |4 trl  |9 294330 
830 0 |a Sovety professionalov  |9 403003 
919 |a 5-93739-002-4 
999 |c 654089  |d 656019 
952 |a SNK  |b SNK  |y PREZ  |7 0  |p 17A0538191  |o snkSD 76216  |i snk2007/2159  |8 1  |0 0  |1 0  |4 0  |d 2007-01-24  |l 0  |r 2025-11-24 00:00:00  |w 2026-02-23 
952 |t P60, <03>, [BOOK], {603}  |a SNK  |b SNK  |y PREZ  |7 0  |p 17A0336028  |o snkSD 72033  |i snkKSP 2556/2002  |0 0  |1 0  |4 0  |d 2002-03-01  |l 0  |r 2005-01-02 00:00:00  |w 2026-02-23 
952 |t P60, <04>, [BOOK], {604}  |a SNK  |b SNK  |y VYP  |7 0  |p 17A0336748  |o snkSD 72033 D1  |i snkKSP 3132/2002  |0 0  |1 0  |4 0  |d 2002-03-25  |l 0  |r 2005-01-02 00:00:00  |w 2026-02-23